Movies That Start With "The" By Quote - Statistics

General Stats
  • This quiz has been taken 134 times
    117 since last reset
  • The average score is 10 of 20
Answer Stats
Hint Movie % Correct
"Hakuna Matata! What a wonderful phrase!" Lion King
96%
"Here's Johnny!" Shining
89%
"I'm gonna make him an offer he can't refuse." Godfather
84%
"I'll be back." Terminator
83%
“Toto, I've got a feeling we're not in Kansas anymore.” Wizard of Oz
83%
"The ______ is a system Neo, that system is our enemy." Matrix
81%
"I ate his liver with some fava beans." Silence of the Lambs
80%
"I see dead people." Sixth Sense
78%
"You shall not pass!" Lord of the Rings
74%
"My name is Inigo Montoya. You killed my father. Prepare to die!" Princess Bride
60%
"Good morning, and in case I don't see ya, Good afternoon, good evening, and goodnight!" Truman Show
49%
"Madness, as you know, is like gravity, all it takes is a little push." Dark Knight
32%
"Mars will come to fear my botany powers." Martian
29%
"Get busy living, or get busy Dying. That's god-damn right." Shawshank Redemption
29%
"I tried to help it, I tried to take it away, but it was too late...." Green Mile
15%
"If you want to shoot, shoot, don't talk..." Good, the Bad and the Ugly
9%
"I am killing you." Departed
6%
"We're all bizarre, some of us are just better at hiding it." Breakfast Club
5%
"The wool from the black sheep is just as warm." Sound of Music
3%
"One cannot be betrayed if one has no people." Usual Suspects
3%
No matching quizzes found
Score Distribution
Percent of People with Each Score
Percentile by Number Answered
Your Score History
You have not taken this quiz since the last reset